| 000 | 00640nam a2200241Ia 4500 | ||
|---|---|---|---|
| 003 | OSt | ||
| 005 | 20221005043603.0 | ||
| 006 | a|||||r|||| 00| 0 | ||
| 007 | ta | ||
| 008 | 221004b |||||||| |||| 00| 0 eng d | ||
| 024 | _a42189 | ||
| 037 | _cTextual | ||
| 040 |
_aCRL _cCRL _beng |
||
| 041 |
_2eng _aeng |
||
| 082 | _aO122wN08, M1 | ||
| 100 |
_aAscher Carol _9591722 |
||
| 245 | 0 |
_aSimone de Beauvoir _b A life of freedom |
|
| 260 |
_aGreat _bBritain Harvester _c1981 |
||
| 300 |
_a254p _ccm. |
||
| 650 | _aENGLISH LITERATURE | ||
| 942 |
_hO122wN08, M1 _cTEXL _2cc |
||
| 999 |
_c952121 _d952121 |
||